S.B. Property Co Ltd v Chelsea Football and Athletic Co Ltd (Record no. 40589)

MARC details
000 -LEADER
fixed length control field 01243cab a2200217 4500
001 - CONTROL NUMBER
control field X325
008 - FIXED-LENGTH DATA ELEMENTS--GENERAL INFORMATION
fixed length control field 090401t1992 xxu||||| |||| 00| 0 eng d
035 ## - SYSTEM CONTROL NUMBER
System control number (Sirsi) u65115
041 ## - LANGUAGE CODE
Language code of text/sound track or separate title eng
245 ## - TITLE STATEMENT
Title S.B. Property Co Ltd v Chelsea Football and Athletic Co Ltd
260 ## - PUBLICATION, DISTRIBUTION, ETC.
Date of publication, distribution, etc. 1992
350 ## - PRICE (NR) (BK AM CF MU VM SE) [OBSOLETE]
Price 0
490 ## - SERIES STATEMENT
Series statement Property and Compensation Reports
Volume/sequential designation (1992) 64 P&CR 440-451(12)
520 ## - SUMMARY, ETC.
Summary, etc. CA 2 April 1992. Lease by property holding company to sports club - Specified time for company to find developer - Option to purchase given to club where no developer found - Company finding developer three days before expiry time - Club subsequently exercising option - Company challenging exercise of option - Delay in determining property price - company subsequently accepting exercise of option - Fall in property market resulting in loss to club - Whether club entitled to damages - Whether term to be implied into lease that company would not do anything which would delay determination of value of property - Specific performance. (Taken from case)
650 ## - SUBJECT ADDED ENTRY--TOPICAL TERM
Topical term or geographic name entry element FOOTBALL CLUB
650 ## - SUBJECT ADDED ENTRY--TOPICAL TERM
Topical term or geographic name entry element LANDLORD AND TENANT
9 (RLIN) 6252
650 ## - SUBJECT ADDED ENTRY--TOPICAL TERM
Topical term or geographic name entry element PROPERTY MARKET VALUES
690 ## - LOCAL SUBJECT ADDED ENTRY--TOPICAL TERM (OCLC, RLIN)
Topical term or geographic name as entry element LANDLORD AND TENANT-CASE LAW
942 ## - ADDED ENTRY ELEMENTS (KOHA)
Suppress in OPAC 0
948 ## - LOCAL PROCESSING INFORMATION (OCLC); SERIES PART DESIGNATOR (RLIN)
c (OCLC) 04/03/1997
Holdings
Withdrawn status Lost status Source of classification or shelving scheme Damaged status Not for loan Home library Current library Shelving location Date acquired Total Checkouts Full call number Barcode Date last seen Copy number Price effective from Koha item type
    Dewey Decimal Classification     London London Journal article 14/09/1999   X325 65115-1001 06/08/2019 1 06/08/2019 Law report